Marvel Heroes With No Surname by Picture - Statistics

General Stats
  • This quiz has been taken 27 times
  • The average score is 11 of 21
Answer Stats
Picture Answer % Correct
Black Panther (T‘Challa)
100%
Rogue (Anna Marie)
88%
Okoye
85%
Valkyrie (Brunnhilde)
81%
Lady Sif
73%
Shuri
73%
Nakia
69%
Wong
62%
Ancient One (Yao)
58%
Heimdall
54%
Starfox (Eros)
54%
Balder the Brave
50%
Red Dagger (Kareem)
38%
Snowbird (Narya)
38%
Thor Girl (Tarene)
31%
She-Hulk (Lyra)
27%
Maggott (Japheth)
23%
Dog Brother (Sihing)
15%
Flint (Jaycen)
15%
Hairball (Niels)
15%
Marionette (Mari)
12%
No matching quizzes found
Score Distribution
Percent of People with Each Score
Percentile by Number Answered
Your Score History
You have not taken this quiz